| Поле | Инд. | ПП | Название | Значение |
|---|---|---|---|---|
| Тип записи | a | |||
| Библиографический уровень | b | |||
| 001 | Контрольный номер | RU/IS/BASE/141233647 | ||
| 005 | Дата корректировки | 20181127132005.5 | ||
| 084 | a | Индекс другой классификации/Индекс ББК | 68.9; 60.52 | |
| 245 | a | Заглавие | Безопасность: люди, город, власть | |
| 650 | a | Основная рубрика | безопасность жизнедеятельности | |
| a | Основная рубрика | социология | ||
| 653 | a | Ключевые слова | безопасность | |
| a | Ключевые слова | духовная безопасность | ||
| a | Ключевые слова | политическая безопасность | ||
| a | Ключевые слова | политическая социология | ||
| a | Ключевые слова | система безопасности | ||
| a | Ключевые слова | социальные проблемы | ||
| a | Ключевые слова | угрозы безопасности | ||
| a | Ключевые слова | экологическая безопасность | ||
| a | Ключевые слова | экономическая безопасность | ||
| 773 | t | Заглавие источника | Вестник Московского университета. Серия 18, Социология и политология | |
| d | Дата издания источника | 2001 | ||
| g | Прочая информация | № 2. - С. 135 - 150 : табл., диагр. | ||
| w | Контрольный № источника | RU/IS/BASE/148578705 | ||
| 901 | t | Тип документа | b |